000 01579nam a2200385Ia 4500
001 ebr10074316
003 CaPaEBR
006 m u
007 cr cn|||||||||
008 990503s1999 utuab sb s001 0 eng d
010 _z 99015804
020 _z0874806321
020 _z0874806070
020 _z087480633X
040 _aCaPaEBR
_cCaPaEBR
035 _a(OCoLC)43476419
050 1 4 _aCC79.E85
_bM38 1999eb
082 0 4 _a930.1
_221
245 0 0 _aMaterial meanings
_h[electronic resource] :
_bcritical approaches to the interpretation of material culture /
_cedited by Elizabeth S. Chilton.
260 _aSalt Lake City :
_bUniversity of Utah Press,
_cc1999.
300 _aix, 177 p. :
_bill., maps.
490 1 _aFoundations of archaeological inquiry
500 _aPapers originally presented at the 1996 meeting of the Society for American Archaeology held in New Orleans, La.
504 _aIncludes bibliographical references (p. 142-174) and index.
533 _aElectronic reproduction.
_bPalo Alto, Calif. :
_cebrary,
_d2009.
_nAvailable via World Wide Web.
_nAccess may be limited to ebrary affiliated libraries.
650 0 _aEthnoarchaeology.
650 0 _aSocial archaeology.
650 0 _aMaterial culture.
650 0 _aCeramics
_xAnalysis.
655 7 _aElectronic books.
_2local
700 1 _aChilton, Elizabeth S.
710 2 _aebrary, Inc.
830 0 _aFoundations of archaeological inquiry.
856 4 0 _uhttp://site.ebrary.com/lib/rucke/Doc?id=10074316
_zAn electronic book accessible through the World Wide Web; click to view
999 _c45066
_d45066